| 000 | 00730cam a2200241 4500 | ||
|---|---|---|---|
| 001 | J400 | ||
| 008 | 090401t1991 xxu||||| |||| 00| 0 eng d | ||
| 035 | _a(Sirsi) u74721 | ||
| 041 | _aeng | ||
| 050 | _a306.1 | ||
| 100 | _aMorrell, James | ||
| 245 | _aUpdate business forecasts for the housing market to 1996 - November 1991. | ||
| 260 |
_aLondon _bJames Morrell Associates Publishing Ltd. _c1991 |
||
| 300 | _a24p. ; 30cm. | ||
| 350 | _a0 | ||
| 520 | _aPublished in association with Charterhouse plc. | ||
| 650 | _aHOUSE PRICES | ||
| 650 | _aHOUSING STATISTICS | ||
| 690 | _aPROPERTY-RESIDENTIAL PROPERTY-RESIDENTIAL PROPERTY MARKET | ||
| 710 |
_aJames Morrell Associates _9810 |
||
| 942 | _n0 | ||
| 948 | _c04/03/1997 | ||
| 999 |
_c95916 _d95916 |
||